[Event "Høstturneringen 2021"]
[Site "Ås, Viken NOR"]
[Date "2021.11.11"]
[Round "3"]
[White "Samset, Jon"]
[Black "Furnes, Torstein"]
[Result "0-1"]
[WhiteElo "1357"]
[BlackElo "1763"]
[Annotator "Furnes, Torstein"]
[PlyCount "60"]
[EventDate "2021.10.28"]

1. e4 c5 2. b4 {Wing Gambit i siciliansk.} cxb4 3. a3 {Dette trekket er spilt
3530 ganger i ChessBase Online Database, med 46,5 % score til hvit.} bxa3 (3...
d5 {Regnes som svarts beste fortsettelse. Hvit må da unngå} 4. exd5 Qxd5 5.
axb4 $4 Qe5+ {som taper tårn (en hvitspiller med 2371 i rating gikk i denne
fellen for fire år siden)}) 4. Bxa3 Nc6 5. Bc4 d6 6. h3 Nf6 7. Nc3 e5 8. Nf3
Be6 9. Bxe6 fxe6 10. O-O Be7 11. Ng5 Qd7 12. Qe2 Nd4 13. Qd3 Nh5 14. Nf3 Nf4
15. Qc4 Nxc2 16. Ra2 Nxa3 17. Rxa3 d5 18. Qa2 Bxa3 19. Qxa3 Ng6 20. Rb1 a6 $2
21. exd5 exd5 22. Rb6 Rc8 $2 (22... Rd8) 23. Rd6 Qf7 $2 24. Nxd5 (24. Ng5 $1
$18) 24... O-O 25. Ng5 $2 Qxf2+ 26. Kh2 Nf4 27. Ne3 Ne2 28. h4 Qxh4+ ({
Raskeste mattvariant er} 28... Qg1+ 29. Kh3 Qh1+ 30. Kg4 Rf4+ 31. Kh5 Qxh4#)
29. Nh3 Qg3+ 30. Kh1 Rc1+ 0-1

[Event "Høstturneringen 2021"]
[Site "Ås, Viken NOR"]
[Date "2021.11.11"]
[Round "3"]
[White "Skaret, Runar"]
[Black "Olsen, Trygve"]
[Result "1/2-1/2"]
[WhiteElo "1225"]
[BlackElo "1498"]
[Annotator "Skaret, Runar"]
[PlyCount "96"]
[EventDate "2021.10.28"]

1. b3 {analysert av runar og stockfish} Nc6 2. Bb2 d5 3. e3 {nimzovitsch-larsen
imzovitsch-larsen åpning} e5 4. Nc3 {det vanlige her er å spille Lb5. -1,0} Nf6
5. d4 e4 6. Qd2 a6 7. Nge2 Bd6 8. Ng3 Ne7 9. Be2 h5 10. f3 h4 11. Nf1 h3 12. g3
b5 13. O-O-O c6 {jeg hadde lyst til å spille stockfish-trekket fxe4, men regna
feil i varianten og trodde jeg ville tape en bonde på det, og så gjorde jeg et
annet trekk som ville tape en bonde etter ..exf3 Lxf3..Lxg4 -2,4} 14. g4 Qa5 {
trygve har andre planer. +0,7} 15. g5 {Sxe4..Dxd2 Sxd2 hadde også vært mulig
her. +0,0} Nd7 {bla grunnet den muligheten burde svart spilt exf3. +1,8} 16.
fxe4 b4 17. Na4 dxe4 18. Bc4 Qxg5 {denne bonden bukka jeg glatt. jeg burde ha
spilt Tg1. -0,7} 19. Qf2 {litt unødvendig trekk. -2,2} (19. Ng3 {dette var
bedre, -0,9} Bxg3 20. Rdg1) 19... Qf6 {stockfish anbefalte feks ..Sd5 eller ..
Sf6. kanskje for å opprettholde presset fra D mot e3-bonden? -1,2} 20. Qxf6 {
stockfish likte ikke dronningbytte her. -3,2} gxf6 {men ville heller tatt med
hesten. -1,1} 21. Ng3 Bxg3 22. hxg3 Nd5 23. Kd2 {stockfish ville ofret
e3-bonden for å få et angrep mot h2-bonden med Td2 og så Tdh2- -3,4} a5 24. Bf1
Nf8 {åpner for L å beskytte h3-bonden. S7b6 også mulig. -2,1} 25. Nc5 Bg4 26.
Be2 Bxe2 27. Kxe2 f5 28. Rh2 Nf6 {Se6 var bedre. -0,2} 29. Rdh1 Ng6 {d5 var en
mulighet her, men svart spiller Sg4 og vi er like langt} 30. Rxh3 Rxh3 31. Rxh3
Ke7 32. a3 Nd5 33. Rh5 Kf6 34. Nd7+ Ke6 35. Ne5 Nxe5 {a4 eller bxa3 er
bittelitt bedre. men dette er bra også. -0,8} 36. dxe5 Rg8 {Se7 var visst
bittelitt bedre. fordi det beskytter mot Th6 med Sg6. -0,1} 37. Rh6+ Rg6 38.
Rh3 {stockfish ville bytte T. -2,9} bxa3 (38... Nc3+ 39. Bxc3 bxc3 40. Kf2 Kxe5
41. Rh8 Rd6 42. Ke1 Rd2 {sånn cirka dette synes stockfish hadde vært bra nok
for svart}) 39. Bxa3 Kxe5 40. Kf2 Ke6 41. Rh8 Nc3 42. Re8+ Kd7 43. Re7+ Kd8 44.
Rxf7 Nd1+ 45. Ke2 Nc3+ 46. Kf2 {Kd2 ville tapt etter gaffelen Sb1+} Nd1+ 47.
Ke2 Nc3+ 48. Kf2 Nd1+ {repetisjon} 1/2-1/2

[Event "Høstturneringen 2021"]
[Site "Ås, Viken NOR"]
[Date "2021.11.11"]
[Round "3"]
[White "Thowsen, Alf Geir"]
[Black "Johansen, Anders Sten"]
[Result "0-1"]
[WhiteElo "1386"]
[BlackElo "1756"]
[PlyCount "40"]
[EventDate "2021.10.28"]

1. d4 d5 2. c4 c6 3. Nc3 Nf6 4. Nf3 dxc4 5. e3 b5 6. a3 e6 7. Bd2 Bb7 8. Be2
Nbd7 9. O-O Be7 10. Qc2 O-O 11. e4 a6 12. Rfe1 Rc8 13. Na2 c5 14. Bf1 cxd4 15.
Nxd4 Bc5 16. Nf3 h6 17. h3 Qc7 18. Bb4 Rfd8 19. Qc3 Nxe4 20. Ba5 Bxf2+ 0-1

[Event "Høstturneringen 2021"]
[Site "Ås, Viken NOR"]
[Date "2021.11.11"]
[Round "3"]
[White "Heien, Aksel"]
[Black "Eldor, Bjørn Stian Berglund"]
[Result "1-0"]
[WhiteElo "1298"]
[BlackElo "1258"]
[Annotator "Furnes, Torstein"]
[PlyCount "81"]
[EventDate "2021.10.28"]

1. e4 e5 2. Nf3 Nc6 3. Bc4 h6 4. d4 exd4 5. Nxd4 Bc5 6. Bxf7+ Kxf7 7. Qh5+ g6
8. Qxc5 Nxd4 9. Qxd4 Ne7 10. O-O d6 11. Rd1 Be6 12. Nc3 Nc6 13. Qd2 a6 14. Qf4+
Qf6 15. Qxf6+ Kxf6 16. Nd5+ Bxd5 17. exd5 Ne5 18. b3 Kf7 19. Bb2 Rhe8 20. Re1
Re7 21. f4 Nd7 22. Rxe7+ Kxe7 23. Bg7 Kf7 24. Bxh6 Nf6 25. c4 Re8 26. Bg5 Re2
27. Bxf6 Kxf6 28. Kf1 Re4 29. g3 Kf5 30. Kf2 Kg4 31. h4 ({En artig liten felle
kunne vært} 31. h3+ $1 Kxh3 $4 32. Kf3 {som truer både svarts tårn og tårnmatt
på h1.}) 31... b6 32. Rc1 a5 33. a3 Re7 34. Re1 Rxe1 35. Kxe1 Kxg3 36. f5 $11 {
Ser naturlig ut, men etter dette bondetrekket er stillingen remis.
Vinsttrekket var å heller gå fram med h-bonden.} (36. h5 $1 gxh5 37. f5 h4 (
37... Kg2 38. f6 h4 39. f7 h3 40. f8=Q h2 41. Qf2+ Kh3 42. Qf3+ Kh4) 38. Kf1 h3
39. Kg1 h2+ 40. Kh1) 36... gxf5 37. h5 f4 $18 {Nå står hvit til vinst igjen.} (
{Remisvarianten var} 37... Kg2 $1 38. h6 f4 39. h7 f3 40. h8=Q f2+ 41. Kd2 f1=Q
{og Stockfish sier at stillingen er remis !}) 38. Kf1 Kg4 39. h6 a4 40. bxa4
Kg5 41. h7 1-0

[Event "Høstturneringen 2021"]
[Site "Ås, Viken NOR"]
[Date "2021.11.18"]
[Round "4"]
[White "Simonsen, Steinar"]
[Black "Aamodt, Peder Marcus"]
[Result "0-1"]
[WhiteElo "1501"]
[BlackElo "1808"]
[PlyCount "42"]
[EventDate "2021.10.28"]

1. e4 e5 2. Nf3 Nc6 3. Nc3 Nf6 4. Bb5 Bc5 5. Bxc6 dxc6 6. d3 O-O 7. O-O Qe7 8.
Bg5 h6 9. Bh4 Bg4 10. h3 Bh5 11. Bg3 Bd6 12. Qd2 Bxf3 13. gxf3 Nh5 14. Kh2 f5
15. Kh1 f4 16. Bh2 Qh4 17. Rg1 Qxh3 18. Rg2 c5 19. Rag1 Qxf3 20. Qe2 Qxe2 21.
Nxe2 f3 0-1

[Event "Høstturneringen 2021"]
[Site "Ås, Viken NOR"]
[Date "2021.11.18"]
[Round "4"]
[White "Johnson, David"]
[Black "Furnes, Torstein"]
[Result "0-1"]
[WhiteElo "1669"]
[BlackElo "1763"]
[Annotator "Furnes, Torstein"]
[PlyCount "116"]
[EventDate "2021.10.28"]

1. f4 d5 2. Nf3 Nf6 3. e3 c5 4. b3 Nc6 5. Be2 e6 6. Bb2 Be7 7. O-O O-O 8. Ne5
Qc7 9. d3 Rd8 10. Bh5 $146 {Dette var første trekk som ikke er spilt tidligere
hos ChessBase Online Database.} g6 11. Be2 d4 12. Nxc6 Qxc6 13. e4 Rb8 14. Nd2
b5 15. e5 $15 {Etter dette trekket vipper Stockfish-evalueringen over fra hvit
til sort fordel.} Nd5 16. Bf3 Qc7 17. Bxd5 Rxd5 18. Ne4 Bb7 19. a4 a6 20. Ba3
Rdd8 21. Nf6+ {En ulempe med dette trekket er at svart nå får en sterk og åpen
løperdiagonal mot den hvite kongestillingen.} Bxf6 22. exf6 b4 23. Bc1 Qc6 (
23... Rd5 {er sterkere.}) 24. Qg4 Rd5 25. Rf3 $19 (25. Rf2) 25... Rf5 26. Qh4
Qd5 (26... e5 {er bedre}) 27. Bd2 Qd8 28. Rh3 Rh5 29. Qg3 Rxh3 30. gxh3 {Åpner
g-linjen for angrepsmuligheter mot den svarte kongen, men ulempen er svekket
bondestruktur. Stockfish foretrekker Dxh3.} Qxf6 31. f5 e5 32. Rf1 Qc6 33. Kf2
Re8 34. Ke2 e4 35. Kd1 e3 {Dersom løperen flytter, så vinner svart tårnet med
gaffel på e2.} 36. Rg1 exd2 37. Kxd2 Qf3 38. fxg6 hxg6 39. Qxf3 Bxf3 40. Rg5
Rc8 41. h4 Kg7 42. Rg1 Rc6 43. Rg5 f5 44. Rg3 Bh5 45. Rg1 Re6 46. Rg2 f4 47.
Rf2 f3 48. Kc1 Re2 49. Rf1 f2 50. Kb2 Bf3 51. h5 gxh5 52. h4 Bg2 53. Ra1 Re1
54. a5 Rxa1 55. Kxa1 f1=Q+ 56. Ka2 Kf6 (56... Qc1 57. c4 dxc3 58. d4 Qb2#) 57.
Kb2 Kf5 58. Ka2 Kg4 0-1

[Event "Høstturneringen 2021"]
[Site "Ås, Viken NOR"]
[Date "2021.11.18"]
[Round "4"]
[White "Johansen, Anders Sten"]
[Black "Lea, Per"]
[Result "1/2-1/2"]
[WhiteElo "1756"]
[BlackElo "1686"]
[PlyCount "45"]
[EventDate "2021.10.28"]

1. d4 Nf6 2. c4 g6 3. h4 h5 4. Nc3 d5 5. Nf3 c6 6. Bg5 Bg7 7. e3 Bf5 8. Qb3 Qb6
9. Qxb6 axb6 10. Bxf6 Bxf6 11. cxd5 b5 12. dxc6 bxc6 13. Be2 b4 14. Nd1 Be6 15.
a3 Nd7 16. Bd3 O-O 17. Rc1 bxa3 18. bxa3 Rxa3 19. Bc4 Bd5 20. Bxd5 cxd5 21. O-O
Nb6 22. Nc3 e6 23. Nb5 1/2-1/2

[Event "Høstturneringen 2021"]
[Site "Ås, Viken NOR"]
[Date "2021.11.18"]
[Round "4"]
[White "Andersen, Odd"]
[Black "Heien, Aksel"]
[Result "1-0"]
[WhiteElo "1695"]
[BlackElo "1298"]
[PlyCount "63"]
[EventDate "2021.10.28"]

1. e4 d6 2. d4 Nf6 3. Bd3 Nc6 4. c3 e5 5. d5 Ne7 6. f4 h5 7. Nf3 Bg4 8. fxe5
dxe5 9. Qa4+ Bd7 10. Qb3 Ng6 11. Ng5 Bd6 12. h3 Qb8 13. Be3 b5 14. Nd2 a5 15.
O-O a4 16. Qc2 Nf4 17. Ngf3 Nxd3 18. Qxd3 b4 19. c4 c5 20. Bg5 Be7 21. Nh4 Ng8
22. Bxe7 Nxe7 23. Qg3 g6 24. Rf2 Rf8 25. Raf1 a3 26. b3 f5 27. exf5 e4 28. Nxe4
Qxg3 29. Nxg3 g5 30. Ng6 Rg8 31. Re2 Rg7 32. Rfe1 1-0

[Event "Høstturneringen 2021"]
[Site "Ås, Viken NOR"]
[Date "2021.11.18"]
[Round "4"]
[White "Bakken, Svein-Erik"]
[Black "Skaret, Runar"]
[Result "1/2-1/2"]
[WhiteElo "1590"]
[BlackElo "1225"]
[Annotator "Skaret, Runar"]
[PlyCount "103"]
[EventDate "2021.10.28"]

1. d4 {vurdert av Runar og stockfish} d5 2. c4 e6 {queens gambit declined} 3.
Nc3 Nf6 4. Nf3 Bb4 5. Bg5 Bxc3+ 6. bxc3 O-O 7. e3 h6 8. Bh4 Nbd7 9. Qb3 {+0,3}
g5 {+1,3} (9... Qe7 {jeg så ikke helt hva jeg skulle gjøre med den angrepne
bonden på d5. stockfish anbefaler enten c5 eller denne varianten} 10. cxd5 exd5
11. Qxd5 Nxd5 12. Bxe7 Nxe7) 10. Bg3 c6 {+2,2 etter Ld3} 11. h3 {1,2} Ne4 12.
Bh2 Qa5 13. Rc1 {beskytter c3-bonden} dxc4 {ikke rett tid å ta denne, +3,7.
feks f5 eller b6 var anbefalt} 14. Bxc4 Qf5 15. Bd3 {riktig tenkt, men burde
heller satt D opp mot hesten først med Dc2 eller Db1 fordi jeg nå kan spille
Sc5 med motangrep. +1,5} Qd5 {men det fant jeg ikke. en vinnende stilling for
hvit i følge stockfish, men hvordan konvertere? +5,0} 16. Qc2 f5 17. O-O c5 18.
c4 Qc6 19. Ne5 Nxe5 20. Bxe5 Nf6 21. d5 Qe8 22. d6 {Ld6 ville vunnet c5-bonden,
men det er vel bare stockfish som bryr seg om den bonden slik stillingen ser
ut. +2,4} b6 23. Rfd1 {stockfish ville heller dytte e- eller f-bonden. +1,2}
Bb7 {og jeg får min egen løper til å peke mot hvit konge, som gir meg litt
motspillsjanser} 24. Bf1 {tårnet hit eller f3 var bedre, nå er stillingen lik
+0,01} Bc6 {beskytter d7-feltet mot bondens marsj, og truer også La4 spidding}
25. Qb2 {uheldigvis ser Svein-Erik ideen min} Qf7 26. Qc2 Rad8 27. f3 Nd7 28.
Qc3 {dette er eneste gang under partiet jeg har stillingen i min favør. -0,5}
Nxe5 {men da skulle jeg spilt g4. +0,0} 29. Qxe5 Qf6 30. f4 {eneste gode trekk
for hvit} gxf4 {g4 var litt bedre. +0,6} 31. exf4 {eneste gode trekk} Rf7 {det
andre tårnet opp var bedre. +1,4} 32. Rd3 Qg6 {jeg kunne tatt D til hvit sier
stockfish. jeg syntes det så ut som selvmord. +2,6} 33. Rcc3 Qf6 34. Rg3+ Kh7
35. Be2 Rg8 36. Rxg8 Kxg8 37. d7 {Lh5 var det beste trekket. men dette er et
fiffig trekk med ide om å sjakke på 8-raden med D etterpå. +0,46} Bxd7 38. Qb8+
{men svart kan redde seg ut av dette. +0,0} Kh7 39. Rg3 Rg7 40. Rxg7+ Qxg7 41.
Qxa7 Bc6 42. Qxg7+ Kxg7 43. Kf2 Kf6 44. Bf3 Be8 45. Ke3 e5 46. fxe5+ Kxe5 {
eneste gode trekk} 47. g3 {eneste gode trekk} Bf7 48. Be2 {eneste gode trekk}
Be6 49. h4 h5 50. a3 Bf7 51. Bd3 Be6 52. Be2 1/2-1/2

[Event "Høstturneringen 2021"]
[Site "Ås, Viken NOR"]
[Date "2021.11.18"]
[Round "4"]
[White "Eldor, Bjørn Stian Berglund"]
[Black "Samset, Jon"]
[Result "0-1"]
[WhiteElo "1258"]
[BlackElo "1357"]
[PlyCount "104"]
[EventDate "2021.10.28"]

1. e4 e5 2. Nf3 Nc6 3. Bc4 Bc5 4. O-O Nf6 5. Nc3 O-O 6. d3 h6 7. a3 d6 8. h3
Be6 9. Bd5 Bxd5 10. Nxd5 Nxd5 11. exd5 Nd4 12. Be3 Nf5 13. Bxc5 dxc5 14. c4 Qf6
15. Qd2 Nd4 16. Nxd4 cxd4 17. Rfe1 Rfe8 18. Re4 Qf5 19. Rae1 a5 20. f4 f6 21.
fxe5 fxe5 22. Qe2 Ra6 23. Rxe5 Rxe5 24. Qxe5 Qxd3 25. Qe8+ Kh7 26. Qe4+ Qxe4
27. Rxe4 d3 28. c5 Rf6 29. Rd4 b6 30. c6 Rd6 31. Rxd3 b5 32. b4 a4 33. g4 Kg6
34. Kg2 Kf6 35. Rf3+ Ke5 36. Rf5+ Ke4 37. Kg3 Rxd5 38. Rxd5 Kxd5 39. Kf4 Kc4
40. Kf5 Kb3 41. Ke6 Kxa3 42. Kd7 Kxb4 43. Kxc7 a3 44. Kd7 a2 45. c7 a1=Q 46.
c8=Q Qd4+ 47. Ke6 Qf6+ 48. Kd5 Qf3+ 49. Kd4 Qf4+ 50. Kd3 Qf1+ 51. Ke4 Qc4+ 52.
Qxc4+ bxc4 0-1

[Event "Høstturneringen 2021"]
[Site "Ås, Viken NOR"]
[Date "2021.11.18"]
[Round "4"]
[White "Thowsen, Alf Geir"]
[Black "Innset-Ekkje, Amandus"]
[Result "1-0"]
[WhiteElo "1386"]
[BlackElo "1197"]
[PlyCount "59"]
[EventDate "2021.10.28"]

1. d4 Nf6 2. c4 e6 3. Nc3 Bb4 4. Nf3 d5 5. a3 Bxc3+ 6. bxc3 Nbd7 7. e3 b6 8.
cxd5 Nxd5 9. Qc2 O-O 10. Bd3 N5f6 11. O-O Bb7 12. e4 h6 13. Re1 c5 14. h3 Re8
15. Be3 Qc7 16. e5 Bxf3 17. gxf3 Nd5 18. Bd2 Qd8 19. Kh2 Qh4 20. Bc1 Rac8 21.
Re4 Qe7 22. c4 cxd4 23. Qb2 Nc7 24. Qxd4 Nc5 25. Rg4 Rcd8 26. Qf4 g5 27. Qg3
Nxd3 28. Bxg5 hxg5 29. Rxg5+ Kf8 30. Rg8# 1-0

[Event "Høstturneringen 2021"]
[Site "Ås, Viken NOR"]
[Date "2021.11.25"]
[Round "5"]
[White "Furnes, Torstein"]
[Black "Aamodt, Peder Marcus"]
[Result "0-1"]
[WhiteElo "1763"]
[BlackElo "1808"]
[Annotator "Furnes, Torstein"]
[PlyCount "56"]
[EventDate "2021.10.28"]

1. d4 Nf6 2. c4 g6 3. Nc3 d5 4. cxd5 Nxd5 5. e4 Nxc3 6. bxc3 Bg7 7. Nf3 c5 8.
Bb5+ Nd7 9. O-O O-O 10. Be3 $6 (10. Re1) 10... a6 11. Bd3 b5 12. Qd2 (12. a4)
12... Qa5 13. Rac1 (13. a4 bxa4 14. Qc2 $16) 13... Rd8 14. Rfd1 Nf6 15. e5 Nd5
16. Be4 Bb7 17. Qc2 $2 (17. c4 Qxd2 18. Bxd2 bxc4 19. dxc5 c3 20. Bxc3 Nxc3 21.
Bxb7 Nxd1 22. Bxa8 $11) 17... Rac8 18. Bd3 $4 $19 {Tapstrekket.} (18. Bd2)
18... cxd4 (18... Nxe3 19. fxe3 Bxf3 20. gxf3 cxd4 21. exd4 Bh6 $19) 19. Bxd4
Nf4 20. Qb2 (20. Be4) 20... Bxf3 21. gxf3 Nxd3 22. Rxd3 Bxe5 23. Qd2 Bxd4 24.
Rxd4 Rxd4 25. Qxd4 Qxa2 26. Qd7 Qe6 27. Qd4 Qf6 28. Qe3 Rc4 0-1

[Event "Høstturneringen 2021"]
[Site "Ås, Viken NOR"]
[Date "2021.11.25"]
[Round "5"]
[White "Lea, Per"]
[Black "Simonsen, Steinar"]
[Result "1-0"]
[WhiteElo "1686"]
[BlackElo "1501"]
[PlyCount "93"]
[EventDate "2021.10.28"]

1. c4 e6 2. g3 d5 3. Bg2 Nf6 4. cxd5 exd5 5. d4 Bb4+ 6. Bd2 Nc6 7. Bxb4 Nxb4 8.
Nc3 O-O 9. Qb3 Qe7 10. Nxd5 Nfxd5 11. Bxd5 Nxd5 12. Qxd5 Qb4+ 13. Kf1 Qxb2 14.
Rd1 Be6 15. Qa5 b6 16. Qd2 Qxa2 17. d5 Qxd2 18. Rxd2 Rad8 19. e4 Bc8 20. f4 Bb7
21. Ne2 Rfe8 22. Nc3 a6 23. Kf2 b5 24. Re1 b4 25. Na4 Rd6 26. Nc5 Bc8 27. e5
Rb6 28. d6 cxd6 29. Rxd6 Rxd6 30. exd6 Rxe1 31. Kxe1 a5 32. d7 Bxd7 33. Nxd7 f5
34. Kd2 Kf7 35. Ne5+ Ke6 36. Nc6 Kd5 37. Nxa5 Kc5 38. Kd3 Kb5 39. Nb3 Ka4 40.
Kc4 Ka3 41. Nc5 h6 42. Kd5 b3 43. Nxb3 Kxb3 44. Ke6 g6 45. Kf6 g5 46. fxg5 hxg5
47. Kxg5 1-0

[Event "Høstturneringen 2021"]
[Site "Ås, Viken NOR"]
[Date "2021.11.25"]
[Round "5"]
[White "Samset, Jon"]
[Black "Johansen, Anders Sten"]
[Result "0-1"]
[WhiteElo "1357"]
[BlackElo "1756"]
[PlyCount "124"]
[EventDate "2021.10.28"]

1. e4 c5 2. b4 cxb4 3. a3 e6 4. Nf3 Nc6 5. Bb5 Qb6 6. Bxc6 Qxc6 7. d3 Bc5 8.
O-O bxa3 9. Nxa3 Nf6 10. Ne5 Qc7 11. Bb2 d6 12. Ng4 e5 13. Nxf6+ gxf6 14. Nb5
Qb6 15. c4 Bd7 16. Rb1 Bxb5 17. cxb5 Qd8 18. Qg4 Qe7 19. Qg7 O-O-O 20. Qg4+ Qe6
21. Qf3 Kb8 22. Ra1 Rhg8 23. Ba3 Bd4 24. Rac1 Rc8 25. g3 Bc5 26. Bxc5 Rxc5 27.
Rxc5 dxc5 28. Kg2 Rd8 29. Rc1 b6 30. Qe2 Qd7 31. Qf3 Qxd3 32. Qxf6 Qxe4+ 33.
Kg1 Qd5 34. Qg7 Rd7 35. Qf8+ Kb7 36. Qh6 f5 37. Qe3 Qd2 38. Qa3 h5 39. Ra1 Kb8
40. Qf3 Qd4 41. Rb1 Qd3 42. Qxd3 Rxd3 43. Kf1 Rd5 44. Ke2 Kb7 45. Ke3 a6 46. f4
e4 47. h3 Rd3+ 48. Ke2 Rxg3 49. bxa6+ Kxa6 50. h4 Rf3 51. Rg1 Rxf4 52. Rg5 Rxh4
53. Rxf5 Kb5 54. Ke3 Kc4 55. Rf1 b5 56. Rc1+ Kd5 57. Rd1+ Ke5 58. Rc1 Rh3+ 59.
Ke2 c4 60. Rb1 Rb3 61. Rf1 Rb2+ 62. Kd1 Kd4 0-1

[Event "Høstturneringen 2021"]
[Site "Ås, Viken NOR"]
[Date "2021.11.25"]
[Round "5"]
[White "Skaret, Runar"]
[Black "Johnson, David"]
[Result "0-1"]
[WhiteElo "1225"]
[BlackElo "1669"]
[Annotator "Skaret, Runar"]
[PlyCount "48"]
[EventDate "2021.10.28"]

1. d4 {vurdert av runar og stockfish} f5 {hollandsk forsvar} 2. Nf3 Nf6 3. e3
b6 4. Be2 Bb7 5. c4 e6 6. Nc3 g6 7. a3 {+0,4} d6 {stockfish liker ikke dette
trekket. kanskje fordi det åpner for Da4+. +1,5} 8. Ng5 {+1,0} (8. e4 {
stockfish vil heller rydde i brikkene med e4 eller d5 og gi svart en svekket
kongestilling} fxe4 9. Ng5 Qe7 10. d5 exd5 11. Nxd5 Bxd5 12. cxd5 {+1,7}) 8...
Qe7 9. Bf3 {kunne spilt d5 som etter ..exd5 cxd5 kunne gitt et fint felt for
hesten på e6. +0,5} Nc6 {d5 var bedre. +2,3} 10. Qa4 d5 11. b4 {her ville
stockfish ha en lang slagveksling som starter på Sxe6, Sxd5 eller cxd5, og så
noen trekk senere gå på med e4 for å få f5-bonden til å flytte seg. dette ble
for avansert for meg, +0,1} Ne4 {lang rokade var bedre. +1,1} 12. Ngxe4 {kunne
tatt med løper. +0,5} dxe4 13. Nxe4 {jeg trodde her at presset mitt skulle
være nok kompensasjon for offeret mitt. men david og stockfish synes ikke det
så bra ut. jeg skulle spilt feks Le2. herfra og ut var det enveiskjøring -2,0}
fxe4 14. Bxe4 Qd7 15. d5 exd5 16. Bxd5 Bg7 17. Ra2 O-O-O 18. O-O Kb8 19. Rd2
Ne7 20. Qxd7 Rxd7 21. e4 Rhd8 22. Rfd1 Bh6 23. Rd3 Bxc1 24. Rxc1 c6 {to
offiserer under er ikke de ekstra bøndende mine noe til hjelp så jeg gir opp.
-5,3} 0-1

[Event "Høstturneringen 2021"]
[Site "Ås, Viken NOR"]
[Date "2021.11.25"]
[Round "5"]
[White "Heien, Aksel"]
[Black "Brenden, Torbjørn"]
[Result "1/2-1/2"]
[WhiteElo "1298"]
[BlackElo "1599"]
[Annotator "Furnes, Torstein"]
[PlyCount "140"]
[EventDate "2021.10.28"]

1. e4 c5 2. d4 cxd4 3. Qxd4 d6 4. Nf3 Nc6 5. Qd3 Bg4 6. Be2 Nf6 7. O-O g6 8.
Rd1 Bg7 9. h3 Bxf3 10. Bxf3 O-O 11. Nc3 Ne5 12. Qe2 Qa5 13. Bd2 Qd8 14. Bf4
Nxf3+ 15. Qxf3 Qa5 16. Bd2 Qb6 17. Nd5 Nxd5 18. exd5 Qxb2 19. Rab1 Qxc2 20.
Rxb7 e5 21. Qb3 Qxb3 22. Rxb3 Rfc8 23. Bb4 Bf8 24. Rdb1 Rc2 25. a3 Rac8 26. Ba5
Rc1+ 27. Rxc1 Rxc1+ 28. Kh2 Rd1 29. Rb5 Rd3 30. Bb4 a6 31. Rb6 Rxd5 32. Rxa6
Rb5 33. Bxd6 Bxd6 34. Rxd6 Ra5 35. Rd3 e4 36. Rb3 h5 37. f3 exf3 38. Rxf3 h4
39. Rf4 g5 40. Rg4 f6 41. a4 Kf7 42. Rb4 Ke6 43. Kg1 Ra6 44. Kf2 Kd6 45. Kf3
Kc5 46. Rg4 Re6 47. Re4 Ra6 48. Kg4 Kd5 49. Kf5 Ra5 50. Rb4 Ra6 51. a5 Rxa5 52.
Kxf6 Ra8 53. Rb5+ Ke4 54. Rxg5 $11 {Tablebase sier at stillingen nå er remis
hvis svart spiller enten Tf8+, Ta6+, Ke3 eller Kd3} Kf4 $18 {Nå står hvit til
vinst med matt i 56 trekk.} 55. Rg4+ Ke3 56. Rxh4 Kf2 57. g4 Kg3 58. Rh7 Ra6+
59. Kg5 Ra5+ 60. Kh6 Ra6+ 61. Kh5 Ra5+ 62. g5 Rb5 63. Kh6 Kxh3 64. Rf7 Kg4 65.
g6 Rh5+ 66. Kg7 Ra5 67. Kg8 Kg5 68. g7 $11 {Men nå går stillingen over til
remis.} ({Vinsttrekket var} 68. Kh7 {med matt i 25 trekk. F.eks} Ra1 69. g7
Rh1+ 70. Kg8 Ra1 71. Rd7 Rf1 72. Rd2 Kf6 73. Rh2 Rg1 74. Rh7 Rg2 75. Kh8 {og
hvit får dronning i neste trekk.}) 68... Kg6 69. Kf8 Ra8+ 70. Ke7 Rg8 1/2-1/2

[Event "Høstturneringen 2021"]
[Site "Ås, Viken NOR"]
[Date "2021.11.25"]
[Round "5"]
[White "Innset-Ekkje, Amandus"]
[Black "Petersen, Rune J"]
[Result "0-1"]
[WhiteElo "1197"]
[BlackElo "1170"]
[PlyCount "62"]
[EventDate "2021.10.28"]

1. d4 d5 2. c4 e6 3. Nc3 Nf6 4. Bg5 Be7 5. Nf3 O-O 6. e3 b6 7. Bd3 Bb7 8. O-O
Ne4 9. Bxe7 Qxe7 10. Bxe4 dxe4 11. Nd2 f5 12. Nb3 Nd7 13. d5 Rad8 14. Nb5 Ne5
15. Nc3 Nxc4 16. Rb1 exd5 17. Nd4 c5 18. Nde2 Ne5 19. Nf4 d4 20. exd4 cxd4 21.
Nce2 Ba6 22. Qb3+ Bc4 23. Qa3 Qxa3 24. bxa3 Bxe2 25. Nxe2 Rd6 26. Rfd1 d3 27.
Nf4 g5 28. Nh3 h6 29. Kf1 f4 30. g3 e3 31. Ke1 Nf3+ 0-1